| 000 | 00496 a2200157 4500 | ||
|---|---|---|---|
| 003 | NUST | ||
| 005 | 20221228141020.0 | ||
| 040 | _cNust | ||
| 082 | _a355.4,KIT | ||
| 100 |
_aKitson, Frank _937927 |
||
| 245 |
_aLow intensity operations / _cFrank Kitson |
||
| 260 |
_aLondon _bFaber and faber _c1971 |
||
| 300 | _avii,208,p.; | ||
| 505 | _aPart-1:- Trends and Background (Page-21), Part-2:- The Army Contribution (Page-67), Part-3:- Preparation Required (Page-165). | ||
| 942 |
_2ddc _cBK _k355.4,KIT |
||
| 999 |
_c193896 _d193896 |
||